गाथा तिस्ता पार की (Record no. 294423)

MARC details
000 -LEADER
fixed length control field 01004nam a2200265Ia 4500
003 - CONTROL NUMBER IDENTIFIER
control field OSt
005 - DATE AND TIME OF LATEST TRANSACTION
control field 20220923211037.0
008 - FIXED-LENGTH DATA ELEMENTS--GENERAL INFORMATION
fixed length control field 220922b |||||||| |||| 00| 0 hin d
020 ## - INTERNATIONAL STANDARD BOOK NUMBER
International Standard Book Number 8172017650 (hbk)
037 ## - SOURCE OF ACQUISITION
Terms of availability Textual
040 ## - CATALOGING SOURCE
Original cataloging agency ARTS
Transcribing agency ARTS
Language of cataloging hin
041 ## - LANGUAGE CODE
Source of code hin
Language code of text/sound track or separate title hin
100 ## - MAIN ENTRY--PERSONAL NAME
Personal name राय, देवेश; शाह, साधना, अनु.
9 (RLIN) 157534
245 #0 - TITLE STATEMENT
Title गाथा तिस्ता पार की
246 ## - VARYING FORM OF TITLE
Title proper/short title Gāthā tistā pār kī
260 ## - PUBLICATION, DISTRIBUTION, ETC.
Place of publication, distribution, etc. नई दिल्ली
Name of publisher, distributor, etc. साहित्य अकादमी
Date of publication, distribution, etc. 1997
300 ## - PHYSICAL DESCRIPTION
Extent 780पृ.
Dimensions cm.
490 ## - SERIES STATEMENT
Series statement साहित्य अकादमी पुरस्कार प्राप्त बाड्ला उपन्यास
942 ## - ADDED ENTRY ELEMENTS (KOHA)
Classification part O157,3N36,1, 152N7
Koha item type Textual
Source of classification or shelving scheme Colon Classification (CC)
Holdings
Withdrawn status Lost status Damaged status Not for loan Home library Current library Date acquired Total Checkouts Full call number Barcode Date last seen Price effective from Koha item type
        Arts Library Arts Library 2022-09-23   O157,3N36,1 152N7 AL1217175 2022-09-23 2022-09-23 Textual
Copyright @ Delhi University Library System